<?xml version="1.0" encoding="UTF-8"?>
<record
    xmlns:xsi="http://www.w3.org/2001/XMLSchema-instance"
    xsi:schemaLocation="http://www.loc.gov/MARC21/slim http://www.loc.gov/standards/marcxml/schema/MARC21slim.xsd"
    xmlns="http://www.loc.gov/MARC21/slim">

  <leader>00699nam a2200253 a 4500</leader>
  <datafield tag="999" ind1=" " ind2=" ">
    <subfield code="c">3525</subfield>
    <subfield code="d">3525</subfield>
  </datafield>
  <controlfield tag="006">a||||gr|||| 001 0 </controlfield>
  <controlfield tag="007">ta</controlfield>
  <controlfield tag="008">251204t2025iii ii a|||gr|||| 0|1 ||eng|d</controlfield>
  <datafield tag="020" ind1=" " ind2=" ">
    <subfield code="a">9789351739784</subfield>
    <subfield code="c">Rs. 400.00</subfield>
  </datafield>
  <datafield tag="040" ind1=" " ind2=" ">
    <subfield code="a">KO</subfield>
    <subfield code="b">eng</subfield>
  </datafield>
  <datafield tag="041" ind1="0" ind2=" ">
    <subfield code="a">eng</subfield>
  </datafield>
  <datafield tag="044" ind1=" " ind2=" ">
    <subfield code="a">ii</subfield>
  </datafield>
  <datafield tag="082" ind1="0" ind2="4">
    <subfield code="a">658.15</subfield>
    <subfield code="b">G9597</subfield>
    <subfield code="2">23</subfield>
  </datafield>
  <datafield tag="100" ind1="1" ind2=" ">
    <subfield code="a">Gupta, S. P.</subfield>
  </datafield>
  <datafield tag="245" ind1="1" ind2="0">
    <subfield code="a">Advanced financial management for M. Com and other post graduate classes / </subfield>
  </datafield>
  <datafield tag="260" ind1=" " ind2=" ">
    <subfield code="a">Agra : </subfield>
    <subfield code="b">Sahitya bhawan publications,</subfield>
    <subfield code="c">2025</subfield>
  </datafield>
  <datafield tag="300" ind1=" " ind2=" ">
    <subfield code="a">443 p. :</subfield>
    <subfield code="b">:</subfield>
    <subfield code="c">24 cm.</subfield>
  </datafield>
  <datafield tag="500" ind1=" " ind2=" ">
    <subfield code="a">Includes index.</subfield>
  </datafield>
  <datafield tag="650" ind1=" " ind2="0">
    <subfield code="a">Finance, Personal</subfield>
    <subfield code="v">Textbooks</subfield>
  </datafield>
  <datafield tag="650" ind1=" " ind2="0">
    <subfield code="a">Finance</subfield>
    <subfield code="v">Textbooks</subfield>
  </datafield>
  <datafield tag="852" ind1=" " ind2=" ">
    <subfield code="a">KO</subfield>
  </datafield>
  <datafield tag="904" ind1=" " ind2=" ">
    <subfield code="a">A_BOSE</subfield>
  </datafield>
  <datafield tag="942" ind1=" " ind2=" ">
    <subfield code="c">BK</subfield>
  </datafield>
  <datafield tag="952" ind1=" " ind2=" ">
    <subfield code="0">0</subfield>
    <subfield code="1">0</subfield>
    <subfield code="2">ddc</subfield>
    <subfield code="4">0</subfield>
    <subfield code="6">658_150000000000000_G9597</subfield>
    <subfield code="7">0</subfield>
    <subfield code="8">MANS</subfield>
    <subfield code="9">9317</subfield>
    <subfield code="a">KO</subfield>
    <subfield code="b">KO</subfield>
    <subfield code="c">GEN</subfield>
    <subfield code="d">2025-12-04</subfield>
    <subfield code="e">M/s Sterling Book House (Inv. no. INV/5818 dated 18.11.2025)</subfield>
    <subfield code="g">400.00</subfield>
    <subfield code="o">658.15 G9597</subfield>
    <subfield code="p">BK007862</subfield>
    <subfield code="r">2025-12-11</subfield>
    <subfield code="y">BK</subfield>
  </datafield>
  <datafield tag="952" ind1=" " ind2=" ">
    <subfield code="0">0</subfield>
    <subfield code="1">0</subfield>
    <subfield code="2">ddc</subfield>
    <subfield code="4">0</subfield>
    <subfield code="6">658_150000000000000_G9597</subfield>
    <subfield code="7">0</subfield>
    <subfield code="8">MANS</subfield>
    <subfield code="9">9318</subfield>
    <subfield code="a">KO</subfield>
    <subfield code="b">KO</subfield>
    <subfield code="c">GEN</subfield>
    <subfield code="d">2025-12-04</subfield>
    <subfield code="e">M/s Sterling Book House (Inv. no. INV/5818 dated 18.11.2025)</subfield>
    <subfield code="g">400.00</subfield>
    <subfield code="o">658.15 G9597</subfield>
    <subfield code="p">BK007863</subfield>
    <subfield code="r">2025-12-11</subfield>
    <subfield code="y">BK</subfield>
  </datafield>
  <datafield tag="952" ind1=" " ind2=" ">
    <subfield code="0">0</subfield>
    <subfield code="1">0</subfield>
    <subfield code="2">ddc</subfield>
    <subfield code="4">0</subfield>
    <subfield code="6">658_150000000000000_G9597</subfield>
    <subfield code="7">0</subfield>
    <subfield code="8">MANS</subfield>
    <subfield code="9">9319</subfield>
    <subfield code="a">KO</subfield>
    <subfield code="b">KO</subfield>
    <subfield code="c">GEN</subfield>
    <subfield code="d">2025-12-04</subfield>
    <subfield code="e">M/s Sterling Book House (Inv. no. INV/5818 dated 18.11.2025)</subfield>
    <subfield code="g">400.00</subfield>
    <subfield code="o">658.15 G9597</subfield>
    <subfield code="p">BK007864</subfield>
    <subfield code="r">2025-12-11</subfield>
    <subfield code="y">BK</subfield>
  </datafield>
  <datafield tag="952" ind1=" " ind2=" ">
    <subfield code="0">0</subfield>
    <subfield code="1">0</subfield>
    <subfield code="2">ddc</subfield>
    <subfield code="4">0</subfield>
    <subfield code="6">658_150000000000000_G9597</subfield>
    <subfield code="7">0</subfield>
    <subfield code="8">MANS</subfield>
    <subfield code="9">9320</subfield>
    <subfield code="a">KO</subfield>
    <subfield code="b">KO</subfield>
    <subfield code="c">GEN</subfield>
    <subfield code="d">2025-12-04</subfield>
    <subfield code="e">M/s Sterling Book House (Inv. no. INV/5818 dated 18.11.2025)</subfield>
    <subfield code="g">400.00</subfield>
    <subfield code="o">658.15 G9597</subfield>
    <subfield code="p">BK007865</subfield>
    <subfield code="r">2025-12-11</subfield>
    <subfield code="y">BK</subfield>
  </datafield>
  <datafield tag="952" ind1=" " ind2=" ">
    <subfield code="0">0</subfield>
    <subfield code="1">0</subfield>
    <subfield code="2">ddc</subfield>
    <subfield code="4">0</subfield>
    <subfield code="6">658_150000000000000_G9597</subfield>
    <subfield code="7">0</subfield>
    <subfield code="8">MANS</subfield>
    <subfield code="9">9321</subfield>
    <subfield code="a">KO</subfield>
    <subfield code="b">KO</subfield>
    <subfield code="c">GEN</subfield>
    <subfield code="d">2025-12-04</subfield>
    <subfield code="e">M/s Sterling Book House (Inv. no. INV/5818 dated 18.11.2025)</subfield>
    <subfield code="g">400.00</subfield>
    <subfield code="o">658.15 G9597</subfield>
    <subfield code="p">BK007866</subfield>
    <subfield code="r">2025-12-11</subfield>
    <subfield code="y">BK</subfield>
  </datafield>
  <datafield tag="952" ind1=" " ind2=" ">
    <subfield code="0">0</subfield>
    <subfield code="1">0</subfield>
    <subfield code="2">ddc</subfield>
    <subfield code="4">0</subfield>
    <subfield code="6">658_150000000000000_G9597</subfield>
    <subfield code="7">0</subfield>
    <subfield code="8">MANS</subfield>
    <subfield code="9">9322</subfield>
    <subfield code="a">KO</subfield>
    <subfield code="b">KO</subfield>
    <subfield code="c">GEN</subfield>
    <subfield code="d">2025-12-04</subfield>
    <subfield code="e">M/s Sterling Book House (Inv. no. INV/5818 dated 18.11.2025)</subfield>
    <subfield code="g">400.00</subfield>
    <subfield code="o">658.15 G9597</subfield>
    <subfield code="p">BK007867</subfield>
    <subfield code="r">2025-12-11</subfield>
    <subfield code="y">BK</subfield>
  </datafield>
  <datafield tag="952" ind1=" " ind2=" ">
    <subfield code="0">0</subfield>
    <subfield code="1">0</subfield>
    <subfield code="2">ddc</subfield>
    <subfield code="4">0</subfield>
    <subfield code="6">658_150000000000000_G9597</subfield>
    <subfield code="7">0</subfield>
    <subfield code="8">MANS</subfield>
    <subfield code="9">9323</subfield>
    <subfield code="a">KO</subfield>
    <subfield code="b">KO</subfield>
    <subfield code="c">GEN</subfield>
    <subfield code="d">2025-12-04</subfield>
    <subfield code="e">M/s Sterling Book House (Inv. no. INV/5818 dated 18.11.2025)</subfield>
    <subfield code="g">400.00</subfield>
    <subfield code="o">658.15 G9597</subfield>
    <subfield code="p">BK007868</subfield>
    <subfield code="r">2025-12-11</subfield>
    <subfield code="y">BK</subfield>
  </datafield>
  <datafield tag="952" ind1=" " ind2=" ">
    <subfield code="0">0</subfield>
    <subfield code="1">0</subfield>
    <subfield code="2">ddc</subfield>
    <subfield code="4">0</subfield>
    <subfield code="6">658_150000000000000_G9597</subfield>
    <subfield code="7">0</subfield>
    <subfield code="8">MANS</subfield>
    <subfield code="9">9324</subfield>
    <subfield code="a">KO</subfield>
    <subfield code="b">KO</subfield>
    <subfield code="c">GEN</subfield>
    <subfield code="d">2025-12-04</subfield>
    <subfield code="e">M/s Sterling Book House (Inv. no. INV/5818 dated 18.11.2025)</subfield>
    <subfield code="g">400.00</subfield>
    <subfield code="o">658.15 G9597</subfield>
    <subfield code="p">BK007869</subfield>
    <subfield code="r">2025-12-11</subfield>
    <subfield code="y">BK</subfield>
  </datafield>
</record>
